Atlas portatif à l´usage des colleges, pour servit à l´intelligence des auteurs classiques (Record no. 6670)

MARC details
000 -CABECERA
campo de control de longitud fija 00730nam a2200241 a 4500
001 - NÚMERO DE CONTROL
campo de control BRCA_6989
005 - FECHA Y HORA DE LA ÚLTIMA TRANSACCIÓN
campo de control 20190320205653.0
008 - DATOS DE LONGITUD FIJA--INFORMACIÓN GENERAL
campo de control de longitud fija 231111s178u----fr-ab#####---#000-0#fre-#
041 ## - CÓDIGO DE LENGUA
Código de lengua del texto/banda sonora o título independiente fre
044 ## - CÓDIGO DEL PAÍS DE LA ENTIDAD EDITORA/PRODUCTORA
Código MARC del país fr
050 #4 - SIGNATURA TOPOGRÁFICA DE LA BIBLIOTECA DEL CONGRESO
Número de clasificación G1015
Número de documento/Ítem .G74 1780
100 1# - ENTRADA PRINCIPAL--NOMBRE DE PERSONA
Nombre de persona Grenet, L´Abbe
9 (RLIN) 17396
245 10 - MENCIÓN DE TÍTULO
Título Atlas portatif à l´usage des colleges, pour servit à l´intelligence des auteurs classiques
Mención de responsabilidad, etc. par L´Abbe Grenet.
260 ## - PUBLICACIÓN, DISTRIBUCIÓN, ETC.
Lugar de publicación, distribución, etc. [s.l.]
Nombre del editor, distribuidor, etc. [s.n.]
Fecha de publicación, distribución, etc. [178-?]
300 ## - DESCRIPCIÓN FÍSICA
Extensión 86 mapas
Otras características físicas il.
Dimensiones ?? cm.
500 ## - NOTA GENERAL
Nota general Dedicado a la Universidad de París
500 ## - NOTA GENERAL
Nota general Mapa inventariado por Banco de México como libro
500 ## - NOTA GENERAL
Nota general O223
650 14 - PUNTO DE ACCESO ADICIONAL DE MATERIA--TÉRMINO DE MATERIA
Término de materia o nombre geográfico como elemento de entrada Atlas
9 (RLIN) 17397
650 14 - PUNTO DE ACCESO ADICIONAL DE MATERIA--TÉRMINO DE MATERIA
Término de materia o nombre geográfico como elemento de entrada Autores clásicos
9 (RLIN) 17398
902 ## - CATALOGADOR
Iniciales GFM
942 ## - ELEMENTOS DE PUNTO DE ACCESO ADICIONAL (KOHA)
Fuente del sistema de clasificación o colocación Library of Congress Classification
Tipo de ítem Koha Libros
Holdings
Estado de retiro Estado de pérdida Estado dañado No para préstamo Localización permanente Ubicación/localización actual Fecha de adquisición Número de inventario Total de préstamos Signatura topográfica completa Código de barras Fecha visto por última vez Precio válido a partir de Tipo de ítem Koha
El ejemplar forma parte de la colección y puede ser consultado según las políticas vigentes.       Biblioteca del Museo Franz Mayer (Rogerio Casas-Alatriste) Biblioteca del Museo Franz Mayer (Rogerio Casas-Alatriste) 23/11/2011 O223   G1015 .G74 1780 (O223) 7436 22/03/2019 22/03/2019 Libros